[Event "Singapore training"]
[Site "Singapore"]
[Date "2001.10.27"]
[Round "7"]
[White "Ong, Alvin"]
[Black "Chan, Peng Kong"]
[Result "0-1"]
[WhiteElo "2251"]
[BlackElo "2383"]
[PlyCount "64"]
[EventDate "2001.10.06"]
[EventType "tourn"]
[EventRounds "9"]
[EventCountry "SIN"]
[SourceTitle "CBM 085 Extra"]
[Source "ChessBase"]
[SourceDate "2002.01.21"]
[SourceVersion "1"]
[SourceVersionDate "2002.01.21"]
[SourceQuality "1"]

1. e4 c5 2. Nf3 Nc6 3. d4 cxd4 4. Nxd4 Qc7 5. Nc3 e6 6. Be3 a6 7. Qd2 Nf6 8. f3 Bb4 9. a3 Be7 10. g4 h6 11. Bg2 b5 12. a4 b4 13. Nce2 Na5 14. b3 d5 15. e5 Nd7 16. f4 g5 17. fxg5 hxg5 18. Bxg5 Bxg5 19. Qxg5 Qxe5 20. Qxe5 Nxe5 21. h3 Bb7 22. Kd2 Rc8 23. Rhf1 Nac6 24. Rf6 Nd7 25. Rf2 Nxd4 26. Nxd4 Nc5 27. Re2 Ne4+ 28. Ke1 Rc3 29. Rd1 Rcxh3 30. Bxe4 dxe4 31. Kd2 Rg3 32. Rc1 Ke7 0-1